| 000 | 00577nam a22001817a 4500 | ||
|---|---|---|---|
| 005 | 20251108172902.0 | ||
| 008 | 250721s2003 xx 000 0 ara d | ||
| 082 | 1 | 4 | _aط/218.2/مصط |
| 100 | 1 | _aمصطفى، أسامة نعيم | |
| 245 | 1 | 0 | _a260 قصة من قصص الصالحين و الصالحات / |
| 264 | 1 |
_aعمان : _bدار عالم الثقافة، _c2003. |
|
| 300 | _a80ص. | ||
| 650 | 1 | 7 | _aالقرآن الكريم |
| 650 | 1 | 7 | _aالآداب الإسلامية |
| 653 | _aناشئون كبار (15-18) سنة | ||
| 942 |
_2ddc _cBK |
||
| 999 |
_c90908 _d90908 |
||